Dopyt po privátnej medicínskej praxi

Bibliographic Details
Main Author: Petríková, Dajana (Author)
Format: Article
Language:Slovak
ISSN:1335-2326
Subjects:

MARC

LEADER 00000nab a2200000 a 4500
001 vtls000857051
003 SK-MaSNL
005 20260304175159.0
008 250429c2002 xo 0 slo
015 |a SNBRB2003/11-37412 
035 |a CLN000208705 
035 |a urn:nbn:sk:snk-abrfk 
035 |a (urnnbn)urn:nbn:sk:snk:ar-a05kce 
035 |a (uuid)b53e7aa4-849b-4505-8675-fe0cec34f258 
040 |a SNKBUCL  |b slo  |c SNKBUCL  |e AACR2 
041 0 |a slo 
044 |a xo  |c SK 
080 |a 614.2.003.52  |2 1997 
100 1 |a Petríková, Dajana  |4 aut  |9 865451 
245 1 0 |a Dopyt po privátnej medicínskej praxi  |c Dajana Petríková 
504 |a Bibliogr. odkazy 
504 |a Res. slov. 
650 0 7 |a súkromná zdravotná starostlivosť  |2 snkbucl  |9 154521 
650 0 7 |a primárna zdravotná starostlivosť  |2 snkbucl  |9 93841 
655 7 |a články z novín a časopisov  |2 snkbucl  |9 267496 
773 0 |t Moderný medicínsky manažment  |g Roč. 9, č. 4 (2002), s. 17-18  |x 1335-2326 
850 |a Slovenská národná knižnica 
852 |a Slovenská národná knižnica 
954 |a odborná, vedecká literatúra pôvodná (slovenská)  |2 lita 
958 |a article27 
958 |a MI 
958 |a NB 
958 |a OND 
958 |a EUIPO 
999 |c 3012313  |d 3014243